000 00182nam a2200085Ia 4500
008 170617s9999 xx 000 0 und d
100 _aGaud-R.S
245 0 _aPharmaceutics
260 _bNirali Pub
260 _c2006
999 _c15263
_d15263